000 00389nam a22001457a 4500
003 OSt
005 20211026131916.0
008 211026b |||||||| |||| 00| 0 eng d
040 _cHU
082 _a306.09051 SER 2009
100 _aSernau, Scott
_915573
245 _aGlobal problems : the search for equity, peace, and sustainability.
300 _a385P
_bPC
_c25cm
942 _2ddc
_cBOOKS
_n0
999 _c14984
_d14984